| 000 | 00925nam a22002537a 4500 | ||
|---|---|---|---|
| 001 | 12429 | ||
| 003 | HDC | ||
| 007 | cr bn ---aaaaa | ||
| 008 | 210209t2005 ||||| |||| 00| 0 eng | ||
| 040 | _aHDC | ||
| 100 |
_aJen, Hshuan Chen _eauthor _913023 |
||
| 245 | 0 |
_aCompost production : a manual for Asian farmers. 2 : _bBenefits and drawbacks of composting / by _cJen, Hshuan Chen |
|
| 260 |
_aTaipei, Taiwan : _b Food and Fertilizer Technology Center for the Asian and Pacific Region, _c2005 |
||
| 300 | _a6 pages | ||
| 336 |
_atext _2rdacontent |
||
| 337 |
_acomputer _2rdamedia |
||
| 338 |
_aonline resource _2rdacarrier |
||
| 650 |
_aCompost _913018 |
||
| 650 |
_acomposting _913024 |
||
| 856 | _zRequest full-text at [email protected] | ||
| 942 | _2lcc | ||
| 942 | _cCHAP | ||
| 942 | _kEBCH 001796 | ||
| 999 |
_c9752 _d9752 |
||